Catálogo
 En Linea

Prolegómenos de enseñanza cívica. / (Registro nro. 55549)

Detalles MARC
000 -CABECERA
campo de control de longitud fija 01942nam a2200253 i 4500
003 - IDENTIFICADOR DEL NÚMERO DE CONTROL
campo de control DO-SdBNP
005 - FECHA Y HORA DE LA ÚLTIMA TRANSACCIÓN
campo de control 20231121145142.0
006 - CÓDIGOS DE INFORMACIÓN DE LONGITUD FIJA--CARACTERÍSTICAS DEL MATERIAL ADICIONAL
campo de control de longitud fija a||||gr|||| 00| 0
007 - CAMPO FIJO DE DESCRIPCIÓN FÍSICA--INFORMACIÓN GENERAL
campo de control de longitud fija ta
008 - DATOS DE LONGITUD FIJA--INFORMACIÓN GENERAL
campo de control de longitud fija 231121e1925 dr ||||| |||| 00| 0 spa d
040 ## - FUENTE DE LA CATALOGACIÓN
Centro catalogador/agencia de origen DO-SdBNP
Lengua de catalogación spa
Centro/agencia transcriptor BNPHU
Normas de descripción rda
082 #4 - NÚMERO DE LA CLASIFICACIÓN DECIMAL DEWEY
Número de edición 22
Número de clasificación 320
Número de documento/Ítem C352p
100 1# - ENTRADA PRINCIPAL--NOMBRE DE PERSONA
Nombre de persona Castillo Objio, Luis Conrado del,
Fechas asociadas al nombre 1888-1927
9 (RLIN) 58934
Término indicativo de función/relación autor
245 10 - MENCIÓN DE TÍTULO
Título Prolegómenos de enseñanza cívica. /
Mención de responsabilidad, etc. Luis C. del Castillo.
250 ## - MENCIÓN DE EDICIÓN
Mención de edición 3a edición
264 ## - PRODUCCIÓN, PUBLICACIÓN, DISTRIBUCIÓN, FABRICACIÓN Y COPYRIGHT
Producción, publicación, distribución, fabricación y copyright Santiago de los Caballeros, República Dominicana :
Nombre del de productor, editor, distribuidor, fabricante Manuel Tavarez S.,
Fecha de producción, publicación, distribución, fabricación o copyright [1925]
300 ## - DESCRIPCIÓN FÍSICA
Extensión 190 páginas ;
Dimensiones 22 cm.
336 ## - TIPO DE CONTENIDO
Fuente rdacontent
Término de tipo de contenido texto
Código de tipo de contenido txt
337 ## - TIPO DE MEDIO
Fuente rdamedia
Nombre/término del tipo de medio sin mediación
Código del tipo de medio n
338 ## - TIPO DE SOPORTE
Fuente rdacarrier
Nombre/término del tipo de soporte volumen
Código del tipo de soporte nc
505 ## - NOTA DE CONTENIDO CON FORMATO
Nota de contenido con formato Liminar.
Información miscelánea Sección I.
Título I Ideas generales de la ciencia etc.-- II Concepto de la familia etc.-- III Idea de gobierno etc.-- IV Porqué el gobierno se vale de la lei para establecer el orden etc.-- V Noción de soberanía etc.-- Concepto de los derechos individuales etc.-- VIII Aspectos jenéricos del derecho etc.-- IX Causas por los cuales se p;ierden los derechos ciudadanos.-- X Qué es lo que se entiende por integridad territorial etc.-- XI Lo que es la bandera etc. XII La propiedad etc.--
Información miscelánea Sección II.
Título XIII Noción integral del poder etc.-- XIV Función electoral etc.-- XV Función lejislativa etc.-- XVI Función ejecutiva etc.-- XVII Función judicial etc.-- XVIII Concepto integral del vocablo gobierno etc.-- XIX Formas actuales del gobierno etc.-- XX Lo que es libertad i lo que es libertinaje etc.--
Información miscelánea Sección III.
Título XXI Elementos que nos ofrece el estudio del territorio o país etc.-- XXII Elementos esenciales para el desarrollo económico del país etc. XIII Industria agrícola etc.-- XXIV Industria comercial etc.-- XXV Trueque o cambio etc.--- XXVI Función de gobierno etc.-- XXVII A qué se da nombre de presupuesto etc.
590 ## - NOTA LOCAL (RLIN)
Nota local Inventariado 2023 / MF
942 ## - ELEMENTOS DE PUNTO DE ACCESO ADICIONAL (KOHA)
Fuente del sistema de clasificación o colocación Dewey Decimal Classification
Tipo de ítem Koha Libro
Existencias
Estado de retiro Estado de pérdida Fuente del sistema de clasificación o colocación Restricciones de uso No para préstamo Código de colección Localización permanente Ubicación/localización actual Ubicación en estantería Fecha de adquisición Fuente de adquisición Total de préstamos Signatura topográfica completa Código de barras Fecha visto por última vez Precio válido a partir de Tipo de ítem Koha
    Dewey Decimal Classification Excluido de préstamo   Patrimonio Dominicano Raros y Valiosos Biblioteca Nacional Pedro Henríquez Ureña Biblioteca Nacional Pedro Henríquez Ureña En catalogación 21.02.2014 Donado por Barbara Suncar   320 C352p 2023-7934 21.11.2023 21.11.2023 Libro

Con tecnología Koha